High noon and other stories / (Record no. 33542)

MARC details
000 -LEADER
fixed length control field 00846nam a22002297a 4500
005 - DATE AND TIME OF LATEST TRANSACTION
control field 19970904051429.3
008 - FIXED-LENGTH DATA ELEMENTS--GENERAL INFORMATION
fixed length control field 970904m19271929ii a 001 0aeng
010 ## - LCCN (DPL NO)
LC control number ENG-95793
020 ## - INTERNATIONAL STANDARD BOOK NUMBER
International Standard Book Number 9788183688581
Terms of availability 200.00
035 ## - SYSTEM CONTROL NUMBER
System control number EN-79326
037 ## - SOURCE OF ACQUISITION
Source of stock number/acquisition DBAD/PUB
040 ## - CATALOGING SOURCE
Original cataloging agency DPL
082 ## - DEWEY DECIMAL CLASSIFICATION NUMBER
Classification number S
100 ## - MAIN ENTRY--PERSONAL NAME
Personal name Parthasarathy, Indira
245 ## - TITLE STATEMENT
Title High noon and other stories /
Statement of responsibility, etc by Indira Parthasarathy; translation from Tamil by M. R. Sivaramakrishnan...[et.al]
260 ## - PUBLICATION, DISTRIBUTION, ETC. (IMPRINT)
Place of publication, distribution, etc Chennai
Name of publisher, distributor, etc Indian Writing an imprint of New Horizon Media
Date of publication, distribution, etc 2009
270 ## - ADDRESS
City Chennai
Postal code 600018
Address 33/15, Eldams Road,
300 ## - PHYSICAL DESCRIPTION
Extent 207p. ;
Dimensions 22 cm.(Pbk)
942 ## - ADDED ENTRY ELEMENTS (KOHA)
Source of classification or shelving scheme Dewey Decimal Classification
Item type English Books
Call number suffix PAR
Classification part S
Holdings
Withdrawn status Lost status Source of classification or shelving scheme Damaged status Not for loan Collection code Home library Current library Date acquired Source of acquisition Cost, normal purchase price Total Checkouts Full call number Barcode Date last seen Copy number Cost, replacement price Koha item type
    Dewey Decimal Classification   Not For Loan Fiction D.B.Act.Division D.B.Act.Division 31/12/2009 DBAD/PUB 200.00   S PAR EN-79326 08/01/2010 1 200.00 English Books

© Delhi Public Library
Hit Counter
free hit counter